01421 a2200205 45000010006000000050017000060080041000230030015000640400040000790800045001192450096001640200018002602640056002783000019003345050789003530410008011421000020011507000024011707000021011944587620260407155731.0260407a2002 arg spa dAR-UNSa-BCEJYS aAR-UNSa-BCEJYSbspacAR-UNSa-BCEJYS a369.5xSeguro de vejez (de jubilación)10aPensiones no contribustivas y asistencialespArgentina, Brasil, Chile, Costa Rica y Uruguay a92-2-313259-2 1aSantiago :bOficina Internacional del Trabajoc2002 a264 p.c23 cm. a1. La protección social a través de las pensiones no contributivas y asistenciales en América Latina / Fabio M. Bertranou, Carmen Solorio y Wouter van Ginneken – 2. Beneficios sociales y pobreza en la Argentina: estudio del programa de pensiones no contributivas / Fabio M. Bertranou y Carlos O. Grushka – 3. Beneficios sociales y los pobres en Brasil: programas de pensiones no convencionales / Helmut Schwarzer y Ana Carolina Querino – 4. Las pensiones no contributivas en Chile: Pensiones asistenciales (PASIS) / Pamela A. Gana Cornejo – 5. Los programas de asistencia social en Costa Rica: El régimen no contributivo de pensiones / Fabio Durán Valverde – 6. Estudio de programa de pensiones no contributivas en Uruguay / Rodolfo Saldain y Marcos Lorenzelli -  aspa1 aSolorio, Carmen1 aBertranou, Fabio M.1 aGinneken, Wouter